000 00730cam a2200229 4500
008 090401t1996 xxu||||| |||| 00| 0 eng d
020 _a1851122958
035 _a(Sirsi) u41133
041 _aeng
050 _a333.73
110 _aUnited Kingdom
_bDepartment of the Environment
_9982
245 _aChemical works : inorganic chemicals manufacturing works.
260 _aLondon
_bDepartment of the Environment
_c1996
300 _aiii,27p. ; 30cm.
350 _a10
490 _aDoE Industry Profile
520 _aProfile based on the work by Aspinwall and Co Ltd., prepared for publication by BRE.
650 _aCONTAMINATED LAND
690 _aENVIRONMENTAL AND LAND CONSULTANCY
942 _n0
948 _c04/03/1997
999 _c90907
_d90907